| 000 | 00452nam a2200169 4500 | ||
|---|---|---|---|
| 001 | 123993 | ||
| 003 | ES-MaACL | ||
| 005 | 20230906192307.0 | ||
| 007 | t| | ||
| 008 | 070214s1957 sp r ||||1| spa d | ||
| 080 | _a86-14"19" | ||
| 100 | 1 |
_aRamiro León, Eulalio. _995189 |
|
| 245 | 1 | 0 |
_aDe claro en claro / _cEulalio Ramiro León. |
| 260 |
_aMadrid : _bMagisterio Español, _c[1957] |
||
| 300 |
_a87 p. ; _c17 cm. |
||
| 852 |
_aES-MaACL _j1983-F-10 |
||
| 999 |
_c123993 _d123993 |
||